Geography Quiz

Random Geography or City Quiz

State by Largest Two-Word City Quiz Stats

Quiz Updated Nov 7, 2014

Challenge
Share
Tweet
Embed
Score 0/49 Timer 06:00
2 Plays Today
City State % Correct
Los AngelesCalifornia
95.1%
New YorkNew York
95.1%
Las VegasNevada
94.9%
Oklahoma CityOklahoma
94.8%
Colorado SpringsColorado
93.9%
Jersey CityNew Jersey
93.9%
San AntonioTexas
93.3%
New OrleansLouisiana
93.2%
Idaho FallsIdaho
93.1%
Little RockArkansas
92.7%
Virginia BeachVirginia
91.6%
Des MoinesIowa
91.6%
Saint PaulMinnesota
89.2%
Green BayWisconsin
88.3%
East ProvidenceRhode Island
87.9%
Kansas CityMissouri
87.7%
New HavenConnecticut
83.8%
Grand RapidsMichigan
81.9%
Sioux FallsSouth Dakota
78.7%
Las CrucesNew Mexico
78.3%
North CharlestonSouth Carolina
77.7%
Fort WayneIndiana
77.6%
Saint PetersburgFlorida
77.1%
South PortlandMaine
72.4%
Winston-SalemNorth Carolina
71.7%
City State % Correct
North PoleAlaska
68.3%
South BurlingtonVermont
65.9%
Casa GrandeArizona
65.2%
Bowling GreenKentucky
64.2%
State CollegePennsylvania
63.7%
South CharlestonWest Virginia
63.3%
College ParkMaryland
55.7%
Pearl CityHawaii
53.3%
Grand ForksNorth Dakota
48.9%
Cuyahoga FallsOhio
48.2%
New BedfordMassachusetts
47.4%
Overland ParkKansas
46.3%
Great FallsMontana
44.9%
Johnson CityTennessee
37%
Federal WayWashington
36.5%
New CastleDelaware
34.6%
Arlington HeightsIllinois
32.8%
West JordanUtah
30.6%
Grand IslandNebraska
28.4%
Sandy SpringsGeorgia
27.3%
Lake OswegoOregon
26.1%
Rock SpringsWyoming
24.9%
Vestavia HillsAlabama
23.8%
Olive BranchMississippi
23.8%

You're not logged in!

Compare scores with friends on all Sporcle quizzes.
Join for Free
OR
Log In

You Might Also Like...

Show Comments

Extras

Top Quizzes Today


Score Distribution

Your Account Isn't Verified!

In order to create a playlist on Sporcle, you need to verify the email address you used during registration. Go to your Sporcle Settings to finish the process.

Report this User

Report this user for behavior that violates our Community Guidelines.

Details: